Fundamentos de filosofía e historia de los sistemas filosóficos /

Estudio que desarrolla los planteamientos generales del quehacer de la filosofía a partir de tres ejes temáticos. Así, primero se abordan cuestiones relacionadas con los métodos filosóficos, después una parte histórica en el que se realiza un recorrido por las principales corrientes del pensamiento...

Descripció completa

Guardat en:
Dades bibliogràfiques
Autor principal: García Morente, Manuel (autor)
Altres autors: Zaragüeta Bengoechea, Juan (autor) (autor)
Format: Llibre
Idioma:espanyol
Edició:2a edición
Matèries:
Etiquetes: Afegir etiqueta
Sense etiquetes, Sigues el primer a etiquetar aquest registre!

MARC

LEADER 00000nam^a2200000^a^4500
001 000260909
005 20250521000000.0
009 20260310110452.322
037 |a Acervo Xavier Clavigero 
041 |a ESP 
082 |a 100.  |b GAR 
100 |a García Morente, Manuel  |e (autor) 
245 1 0 |a Fundamentos de filosofía e historia de los sistemas filosóficos /  |c M. García Morente, J. Zaragüeta Bengoechea. 
250 |a 2a edición 
264 |a Madrid, España :  |b Espasa-Calpe,  |c 1947 
300 |a 632 p. 
336 |a texto  |b txt  |2 rdacontenido 
337 |a sin mediación  |b n  |2 rdamedio 
338 |a volumen  |b nc  |2 rdasoporte 
520 |a Estudio que desarrolla los planteamientos generales del quehacer de la filosofía a partir de tres ejes temáticos. Así, primero se abordan cuestiones relacionadas con los métodos filosóficos, después una parte histórica en el que se realiza un recorrido por las principales corrientes del pensamiento filosófico, y por último se analiza la parte doctrinal o sistemática de la filosofía. 
649 |a XX 
650 |a Ontología 
650 |a Metafísica 
650 |a Epistemología 
650 |a Antropología Filosófica 
650 |a Etica 
650 |a Realismo (Filosofía) -  |x Historia y Crítica 
650 |a Tomismo -  |x Historia y Crítica 
650 |a Racionalismo -  |x Historia y Crítica 
650 |a Idealismo -  |x Historia y Crítica 
650 |a Empirismo -  |x Historia y Crítica 
650 |a Criticismo -  |x Historia y Crítica 
650 |a Filosofía Griega -  |x Historia y Crítica 
650 |a Filosofía -  |x Metodología 
650 |a Filosofía -  |x Historia y Crítica 
650 |a Filosofía -  |x Generalidades -  |x Tema Principal 
700 |a Zaragüeta Bengoechea, Juan  |e (autor) 
910 |a Fondo General 
920 |a Impresos - Libros 
930 |a Colección General 
905 |a 101 
901 |a 012342  |b IT1  |c ACC  |u 20250521 
902 |a https://opac.biblio.iteso.mx/vufind/Record/000260909